Sports Quiz

Random Sports or Baseball Quiz

Most HR by MLB Rookies Quiz Stats

Quiz Updated Oct 1, 2017

Challenge
Share
Tweet
Embed
Score 0/74 Timer 10:00
0 Plays Today
Team Rookie % Correct
2017 YankeesAaron Judge
96%
2001 CardinalsAlbert Pujols
85.7%
1987 AthleticsMark McGwire
79.8%
2012 AngelsMike Trout
77.7%
2007 BrewersRyan Braun
75.2%
1939 Red SoxTed Williams
68.3%
2006 BrewersPrince Fielder
68.1%
1961 CubsBilly Williams
67.9%
1971 BravesEarl Williams
67.9%
2017 PiratesJosh Bell
67.1%
1986 AthleticsJose Canseco
66.5%
2017 DodgersCody Bellinger
66.2%
2014 White SoxJose Abreu
65.3%
1956 RedsFrank Robinson
56%
2008 RaysEvan Longoria
55.5%
1968 AthleticsReggie Jackson
54.9%
1936 YankeesJoe DiMaggio
54.2%
1982 OriolesCal Ripken Jr.
52.8%
1993 DodgersMike Piazza
49%
2015 CubsKris Bryant
48.8%
1998 RockiesTodd Helton
45.9%
1983 MetsDarryl Strawberry
45.9%
1977 OriolesEddie Murray
40.4%
1997 Red SoxNomar Garciaparra
38.8%
2016 DodgersCory Seager
38.1%
1952 BravesEddie Mathews
37.6%
1993 AngelsTim Salmon
37.3%
2015 DodgersJoc Pederson
34.4%
2004 PiratesJason Bay
31.1%
1984 MarinersAlvin Davis
30.8%
2016 RockiesTrevor Story
30%
1990 BravesDavid Justice
29.6%
2007 DiamondbacksChris Young
28.9%
2011 AngelsMark Trumbo
27.2%
1958 GiantsOrlando Cepeda
27.1%
1964 PhilliesDick Allen
24%
1983 White SoxRon Kittle
23.9%
Team Rookie % Correct
1964 TwinsTony Oliva
23.8%
1999 MarlinsPreston Wilson
22.1%
2006 MarlinsDan Uggla
21.5%
1950 IndiansAl Rosen
20.1%
1982 TwinsGary Gaetti
19.8%
1996 TigersTony Clark
18%
1972 GiantsDave Kingman
16.1%
2003 RangersMark Teixeira
15.3%
1987 TigersMatt Nokes
14%
1969 YankeesBobby Murcer
13.2%
1965 TigersWillie Horton
12.6%
1959 SenatorsBob Allison
11.7%
1986 RangersPete Incaviglia
11.6%
1997 Blue JaysJose Cruz Jr.
10.8%
2017 CardinalsPaul DeJong
10.5%
1964 GiantsJim Ray Hart
9%
1934 IndiansHal Trosky
9%
1937 TigersRudy York
8.6%
1966 Red SoxGeorge Scott
8.5%
2017 PadresHunter Renfroe
7.7%
2012 RockiesWilin Rosario
7.5%
1950 Red SoxWalt Dropo
7.4%
1930 BravesWally Berger
7.1%
1947 GiantsBobby Thomson
6.9%
1938 YankeesJoe Gordon
6.1%
1963 TwinsJimmie Hall
5.8%
2017 White SoxMatt Davidson
5.8%
1961 AngelsKen Hunt
5.7%
1971 PhilliesWillie Montanez
4.9%
1986 MarinersDanny Tartabull
4.1%
2006 MarlinsJosh Willingham
3.5%
1938 IndiansKen Keltner
2.4%
1950 IndiansLuke Easter
1.9%
1934 White SoxZeke Bonura
1.4%
1929 TigersDale Alexander
1.4%
1955 Red SoxNorm Zauchin
0.7%
1928 RobinsDel Bissonette
0.5%

You're not logged in!

Compare scores with friends on all Sporcle quizzes.
Sign Up with Email
OR
Log In

You Might Also Like...

Show Comments

Extras

Top Quizzes Today


Score Distribution

Your Account Isn't Verified!

In order to create a playlist on Sporcle, you need to verify the email address you used during registration. Go to your Sporcle Settings to finish the process.